Haz click en la comarca de Murcia sin fronteras - Estadísticas

Estadísticas generales
  • Esta prueba ha sido intentada 58 veces
  • La puntuación promedio es 7 de 12
Respuestas en el mapa
Las respuestas están codificadas por una escala verde-roja en el mapa de la prueba según el % correcto abajo.
 
Estadísticas de respuestas
Respuesta % Correcto
Altiplano
83%
Campo de Cartagena
78%
Bajo Guadalentín
72%
Mar Menor
67%
Huerta de Murcia
64%
Noroeste
64%
Río Mula
61%
Alto Guadalentín
50%
Oriental
50%
Vega Alta
50%
Valle de Ricote
39%
Vega Media
31%
No se encontraron pruebas coincidentes
Distribución de puntuación
Porcentaje de gente con cada puntuación
Porcentaje por número respondido
Historial de tus puntuaciones
No has intentado esta prueba.